Cities by Airport Code - Oceania Edition - Statistics

General Stats
  • This quiz has been taken 16 times
  • The average score is 10 of 14
Answer Stats
Code City % Correct
ADL Adelaide
100%
AKL Auckland
100%
MEL Melbourne
100%
PER Perth
100%
SYD Sydney
100%
BNE Brisbane
88%
WLG Wellington
88%
CHC Christchurch
81%
SUV Suva
69%
APW Apia
50%
HIR Honiara
50%
POM Port Moresby
50%
VLI Port Vila
38%
TBU Nuku'alofa
19%
No matching quizzes found
Score Distribution
Percent of People with Each Score
Percentile by Number Answered
Your Score History
You have not taken this quiz